Η σύγχρονη πρακτική ανθοκομία : μοναδικός οδηγός για τους φιλανθείς
Αποθηκεύτηκε σε:
| Κύριος συγγραφέας: | |
|---|---|
| Μορφή: | Βιβλίο |
| Γλώσσα: | Greek |
| Δημοσίευση: |
Αθήναι :
Αγροτικός Εκδοτικός Οίκος,
1966
|
| Έκδοση: | 4η έκδ. |
| Θέματα: | |
| Ετικέτες: |
Προσθήκη ετικέτας
Δεν υπάρχουν, Καταχωρήστε ετικέτα πρώτοι!
|
MARC
| LEADER | 00000cam a2200000 i 4500 | ||
|---|---|---|---|
| 001 | 1/39514 | ||
| 008 | 131218s1966 gre d | ||
| 035 | |l 10116216 | ||
| 040 | |a GR-MY-UA |b gre |e aacr | ||
| 041 | 0 | |a gre | |
| 082 | 0 | |a 635.9 |2 (22) | |
| 100 | 1 | |a Αντωνιάδης, Αντώνης. | |
| 245 | 1 | 2 | |a Η σύγχρονη πρακτική ανθοκομία : |b μοναδικός οδηγός για τους φιλανθείς / |c Αντ. Αντωνιάδου ; επιμέλεια Σπύρου Σπύρου |
| 250 | |a 4η έκδ. | ||
| 260 | |a Αθήναι : |b Αγροτικός Εκδοτικός Οίκος, |c 1966 | ||
| 300 | |a 294 σ.; |b εικ.; |c 21 εκ. | ||
| 650 | 0 | 0 | |a Floriculture. |
| 852 | |a INST |b SYROS |e 20131218 |h 635.9 ΑΝΤ |p 005500011186 |q 005500011186 |t BK |y 0 | ||
| 901 | |a BIBL5-2013-1 | ||
| 909 | |a Ε |b 174625 | ||
| 970 | |a ΚΟΝΤΟΥ |b ΠΑΡΑΣΚΕΥΗ |z 2013/12/18 | ||